Die 50 größten Marktwertgewinner im Fußball in 2024 - Statistiken

Allgemein
  • Dieses Quiz wurde 113 mal gespielt
  • Das Durchschnittsergebnis liegt bei 22 aus 50
Antwortstatistiken
MW-Gewinn Verein Nation Spieler % Korrekt
+90 Mio. € FC Barcelona Spanien Lamine Yamal
98%
+50 Mio. € Real Madrid Brasilien Vinicius Jr.
96%
+20 Mio. € FC Bayern München Deutschland Jamal Musiala
93%
+30 Mio. € Bayer Leverkusen Deutschland Florian Wirtz
89%
+20 Mio. € Manchester City Norwegen Erling Haaland
81%
+30 Mio. € Real Madrid Türkei Arda Güler
80%
+45 Mio. € FC Chelsea England Cole Palmer
79%
+25 Mio. € Eintracht Frankfurt Ägypten Omar Marmoush
79%
+40 Mio. € Manchester City England Phil Foden
79%
+30 Mio. € Real Madrid Uruguay Federico Valverde
77%
+48 Mio. € FC Bayern München Deutschland Aleksandar Pavlovic
74%
+20 Mio. € FC Arsenal Deutschland Kai Havertz
73%
+20 Mio. € FC Arsenal Norwegen Martin Ødegaard
73%
+20 Mio. € Manchester City Spanien Rodri
73%
+20 Mio. € FC Arsenal England Bukayo Saka
72%
+20 Mio. € RB Leipzig Slowenien Benjamin Sesko
70%
+25 Mio. € Sporting Lissabon Schweden Viktor Gyökeres
69%
+20 Mio. € Athletic Bilbao Spanien Nico Williams
66%
+20 Mio. € Manchester United Argentinien Alejandro Garnacho
60%
+35 Mio. € Paris Saint Germain Frankreich Bradley Barcola
60%
+30 Mio. € Juventus Turin Türkei Kenan Yıldız
60%
+38,5 Mio. € FC Barcelona Spanien Pau Cubarsí
57%
+49 Mio. € Manchester United England Kobbie Mainoo
53%
+18 Mio. € AC Mailand USA Christian Pulisic
51%
+20 Mio. € Real Madrid Marokko Brahim Díaz
48%
+20 Mio. € Manchester City Brasilien Savinho
44%
+32 Mio. € FC Arsenal Italien Riccardo Calafiori
43%
+ 18 Mio. € FC Bayern München Kroatien Josip Stanisic
42%
+20 Mio. € Manchester United Niederlande Joshua Zirkzee
39%
+27,5 Mio. € OL Marseille England Mason Greenwood
38%
+30 Mio. € Manchester United Frankreich Leny Yoro
36%
+35 Mio. € FC Barcelona Spanien Fermín López
27%
+25 Mio. € Paris Saint Germain Frankreich Désiré Doué
22%
+20 Mio. € Aston Villa Niederlande Ian Maatsen
22%
+20 Mio. € Tottenham England Dominic Solanke
20%
+18 Mio. € Borussia Dortmund Deutschland Maximilian Beier
19%
+20 Mio. € Ajax Amsterdam Niederlande Brian Brobbey
14%
+30 Mio. € Palmeiras Brasilien Estêvão
14%
+18 Mio. € Aston Villa Kolumbien Jhon Durán
14%
+25 Mio. € FC Villareal Spanien Álex Baena
10%
+20 Mio. € Brighton & Hove Albion Gambia Yankuba Minteh
8%
+18 Mio. € Nottingham Forrest Brasilien Murillo
7%
+19,2 Mio. € Aston Villa England Morgan Rogers
4%
+18 Mio. € Real Sociedad Island Orri Óskarsson
3%
+21 Mio. € FC Porto Argentinien Alan Varela
2%
+18 Mio. € Wolverhampton Brasilien João Gomes
2%
+20 Mio. € AS Monaco Frankreich Maghnes Akliouche
2%
+20 Mio. € Crystal Palace England Adam Wharton
1%
+19 Mio. € Brentford Brasilien Igor Thiago
1%
+20 Mio. € FC Valencia Spanien Cristhian Mosquera
0%
Keine übereinstimmenden Quizze gefunden
Verteilung der Resultate
Anzahl Personen mit jedem Resultat
Perzentil nach korrekt beantworteten Fragen
Ihre Resultats-Entwicklung
Sie haben dieses Quiz noch nicht gespielt